000 02076nam0a2200361 4500
001 RU\NLR\BIBL_A\012068306
005 20190905115534.0
010 _a978-5-91674-546-7
_9300
021 _aRU
_bКН-П-19-051051
_9КН-П-19-3691
035 _a(NLR Aleph) 012068306
035 _a(RuMoRGB)010035867
090 _a11741845
_c11741845
100 _a20190801d2019 k y0rusy50 ca
101 0 _arus
_amon
102 _aRU
105 _aac z 000zy
200 1 _aФольклорный ландшафт Монголии
_eэпос книжный и устный
_fС. Ю. Неклюдов
_g[Российский государственный гуманитарный университет, Центр типологии и семиотики фольклора, Российская академия народного хозяйства и государственной службы при Президенте РФ, Институт общественных наук, Школа актуальных гуманитарных исследований, Лаборатория теоретической фольклористики]
210 _aМосква
_cИндрик
_d2019
215 _a590 с., [4] л. цв. ил., цв. портр.
_cил., табл., портр.
_d22
300 _aЧасть текста монгол.
320 _aБиблиогр. в подстроч. примеч. и в тексте
605 _a"Гэсэриада"
_lэпический цикл сказаний о Гэсэр-хане
_92294707
_3RU\NLR\AUTH\661374117
606 1 _aЭпос монгольских народов
_92421877
_3RU\NLR\AUTH\6601660815
686 1 _aШ3(0)964-611
686 1 _aШ5(0)964-331.1
686 1 _aШ3(5)-611
700 1 _7ca
_8rus
_aНеклюдов
_bС. Ю.
_cд-р филол. наук
_f1941-
_gСергей Юрьевич
_9117684
_3RU\NLR\AUTH\777753
942 _cBOOK
980 _aNBR
980 _aNB